000 00792cam a22002291i 4500
003 SA-RiAUC
005 20251116134442.0
008 251113s1990 ua g 00010 ara c
040 _aADPOL
_bara
_cSA-RiAUC.
_erda
082 0 4 _a252.5
_qSA-RiAUC
090 _a252.5
_bن و ف
100 1 _aنوفل، عبد الرزاق،
_d1917-1984
_eمؤلف.
245 1 0 _aفريضة الحج /
_cبقلم عبد الرزاق نوفل.
264 1 _aالقاهرة :
_bدار الإسلام،
_c1990
300 _a46 صفحة ؛
_c20 سم
336 _aنص
_btxt
_2rdacontent
_3كتاب
337 _aبدون وسيط
_bn
_2rdamedia
338 _aمجلد
_bnc
_2rdacarrier
650 7 _aالحج (فقه إسلامي)
_2aucsh
942 _2ddc
_cBOOK
_n0
949 _aSA-JeALM
_d251113
_umohamedma123
_n1
999 _c13289
_d13289